000 00703nam a2200193 i 4500
001 22165
003 ES-MaACL
005 20230906152635.0
007 t|
008 021223s1859 sp |||| | spa d
245 0 0 _aÁlbum del 22 de enero de 1859 /
_cAteneo de Cádiz, Científico, Artístico y Literario.
260 _aCádiz :
_b[s.n.],
_c1859 (
_fImp. y litogr. de la Revista Médica)
300 _a48 p. ;
_c20 cm.
530 _aDisponible en formato digital.
651 4 _aCádiz-
_xHistoria.
_9143770
710 2 _aAteneo Literario, Artístico y Científico de Cádiz.
_9148715
852 4 _aES-MaACL
_jT-2-F-7
856 4 _uhttps://archive.org/details/CASGA_380213_008/page/n3
_zInternet Archive
999 _c22165
_d22165